Bhārata kā bhaugolika svarūpa. (Record no. 87351)

MARC details
000 -LEADER
fixed length control field 00732cam a22002411 4500
001 - CONTROL NUMBER
control field sa 68016855
003 - CONTROL NUMBER IDENTIFIER
control field DLC
005 - DATE AND TIME OF LATEST TRANSACTION
control field 20260227112658.0
008 - FIXED-LENGTH DATA ELEMENTS--GENERAL INFORMATION
fixed length control field 870331s1968 ii ab 000 0 hinr
010 ## - LIBRARY OF CONGRESS CONTROL NUMBER
LC control number sa 68016855
035 ## - SYSTEM CONTROL NUMBER
System control number (OCoLC)15468677
040 ## - CATALOGING SOURCE
Original cataloging agency DLC
Transcribing agency NRU
Modifying agency NRU
-- DLC
042 ## - AUTHENTICATION CODE
Authentication code premarc
050 00 - LIBRARY OF CONGRESS CALL NUMBER
Classification number DS414
Item number .T58
100 1# - MAIN ENTRY--PERSONAL NAME
Personal name Tivārī, Viśvanātha,
Dates associated with a name 1914-
245 10 - TITLE STATEMENT
Title Bhārata kā bhaugolika svarūpa.
Remainder of title Geography of India.
Statement of responsibility, etc. Lekhaka Viśvanātha Tivārī.
260 ## - PUBLICATION, DISTRIBUTION, ETC.
Place of publication, distribution, etc. Āgrā,
Name of publisher, distributor, etc. Rāmaprasāda
Date of publication, distribution, etc. [1968]
300 ## - PHYSICAL DESCRIPTION
Extent 8, 1011 p.
Other physical details illus., maps.
Dimensions 23 cm.
500 ## - GENERAL NOTE
General note In Hindi.
651 #0 - SUBJECT ADDED ENTRY--GEOGRAPHIC NAME
Geographic name India
General subdivision Description and travel.
651 #0 - SUBJECT ADDED ENTRY--GEOGRAPHIC NAME
Geographic name India
General subdivision Economic conditions
Chronological subdivision 1947-
740 0# - ADDED ENTRY--UNCONTROLLED RELATED/ANALYTICAL TITLE
Uncontrolled related/analytical title Geography of India.

No items available.

Powered by Koha